000 00311nam a22001217a 4500
040 _cNUST
082 _a051
_bREA
100 _aBeaudouin, John T. (Edt)
_9111978
245 _aReader's Digest Condensed Books /
_cJohn T. Beaudouin, (Edt)
260 _aNew York,
_c1976.
300 _a574p. ;
942 _2ddc
_cBK
999 _c594551
_d594551